000
00248nam a2200085Ia 4500
245
0
_a
Cool crime scene basics : securing the scene
100
_a
Beck, Esther Edina, MN, 2009
_9
76379
942
_c
BK
008
210818s9999 xx 000 0 und d
999
_c
431529
_d
431528